Statistics for Special Forces of the World

Click here to take the quiz!

General Stats

  • This quiz has been taken 112 times
  • The average score is 12 of 15

Answer Stats

Special ForcesCountry% Correct
SpetsnazRussia
100%
SASUK
100%
GIGNFrance
98%
Navy SealsUSA
98%
GSG 9Germany
95%
JW GROMPoland
91%
JTF-2Canada
88%
Unidad de Operaciones EspecialesSpain
88%
SASRAustralia
84%
Sayeret MatkalIsrael
75%
NZSASNew Zealand
69%
Huntsmen CorpsDenmark
64%
ARWIreland
49%
MJKNorway
49%
SSGPakistan
48%

Score Distribution

Percentile by Number Answered

Percent of People with Each Score

Your Score History

You have not taken this quiz